1280 1298 1006 1621 1830 1230 1915 1741 1615 1348 1245 1153 1495 1411 1231 1701 1282 1293 1815 1162 1567 1872 1358 1516 1810 1173 1345 1816 1523 1057 1820 1266 1758 1390 1472 1217 1947 1519 1701 1277 1900 1565 1776 1084 1606 1053 1901 1527 1879 1231 1470 1389 1537 1721 1945 1748 1447 1088 1693 1522 1315 1724 1896 1874 1168 1125 1553 1055 1423 1328 1773 1211 1388 1443 1472 1380 1542 1002 1355 1212 1981 1162 1853 1624 1994 1644 1027 1987 1154 1497 1396 1413 1981 1377 1291 1859 1928 1807 1238 BCNSPRNW ULIB Ver.6.0+V

เปลี่ยนเป็นภาษาไทย

Change to English
 แสดงรายละเอียดบรรณานุกรม
  กลับหน้าหลัก

Brief Record : Get Marc (ISO 2709) : E-mail record : QR code < ปิดหน้าต่าง
LEADER : 00000nam 2200000uu 4500
001    13399113617
003     ULIB
008    111124s2553||||th 000 0 tha d
020    ^a9786167077017
090    ^aนว.^bอ429พ 2553
100 0  ^aอลินน์
245 00 ^aพรางภพเจาะเวลาหาหัวใจ/^cอลินน์
250    ^aพิมพ์ครั้งที่ 1
260    ^aกรุงเทพฯ :^bสาริน,^c2553
300    ^a313 หน้า
710 1  ^aสาริน
945    ^p229^l0^i17078
995    ^aทศพร
999    ^aใช้งานได้ทุกระบบ
รายการนี้ยังไม่มีแท็ก
คุณยังไม่ได้ล็อกอิน คุณสามารถมีกิจกรรมร่วมกับเว็บไซต์ได้ แต่ต้องล็อกอินก่อน ::
  ล็อกอิน

รายการสื่อสารสนเทศ

ลำดับที่ ประเภท เลขเรียก/บาร์โค้ด สถานที่ สถานะ
1. นวนิยาย
นวนิยาย
นว. อ429พ 2553 ฉ.1 
  Barcode: 17078
ห้องสมุดวิทยาเขตสวรรค์ประชารักษ์
►นวนิยาย
บนชั้น
  ขอยืม

รายการใกล้เคียง
    ผู้แต่ง [อลินน์]

BibComment


ยังไม่เคยถูกคอมเมนท์

คอมเมนท์ทรัพยากรรายการนี้
  คอมเมนท์: พรางภพเจาะเวลาหา..


 Copyright 2026. Bcnsprnw @Library